| 000 | 00340nam a2200145Ia 4500 | ||
|---|---|---|---|
| 008 | 230917s9999||||xx |||||||||||||| ||und|| | ||
| 040 |
_e251829 _aMAIN |
||
| 041 | _aEnglish | ||
| 082 | _a519.2 R145R | ||
| 100 | _aRamesh Kumar | ||
| 245 | 0 | _aReliability modelling of computer systems | |
| 260 | _c2018 | ||
| 300 | _a74 p. | ||
| 942 | _cTH | ||
| 999 |
_c128284 _d128284 |
||